|
|
|
|
| LEADER |
00671nab a2200193 i 4500 |
| 001 |
misc26843 |
| 005 |
20191111110240.0 |
| 008 |
170929s1991 hu o 0|| zxx d |
| 040 |
|
|
|a SZTE Miscellanea Repozitórium
|b hun
|
| 041 |
|
|
|a zxx
|
| 100 |
1 |
|
|a Fülöp Ferenc
|
| 245 |
1 |
0 |
|a Electrophilic aromatic reactivities via ring-chain tautomerism of Tetrahydro-1,3-Oxazines and 1,3-Oxazolidines
|h [elektronikus dokumentum] /
|c Fülöp Ferenc
|
| 260 |
|
|
|c 1991
|
| 300 |
|
|
|a 273-275
|
| 490 |
0 |
|
|a Kolligátum
|
| 695 |
|
|
|a Kémia
|
| 700 |
0 |
1 |
|a Dahlqvist Martti
|e aut
|
| 700 |
0 |
1 |
|a Pihlaja Kalevi
|e aut
|
| 856 |
4 |
0 |
|u http://misc.bibl.u-szeged.hu/26843/1/019_016_273-275.pdf
|z Dokumentum-elérés
|